00589naa a2200193 a 450000100080000000500110000800800410001910000200006024500930008026000090017365300190018265300110020165300170021265300190022965300200024865300220026870000220029077300830031210291842004-02-05 2003 bl uuuu u00u1 u #d1 aPEREIRA, J.E.S. aToxicidade de antibioticos no cultivo in vitro da batata em meios semi-solido e liquido. c2003 aAntimicrobiano aBatata aContaminacao aFitotoxicidade aMicropropagacao aSolanum tuberosum1 aFORTES, G.R.de L. tPesquisa Agropecuaria Brasileira, Brasiliagv.38, n.11, p.1273-1279, nov.2003.